| 000 | 00433nam a22001457a 4500 | ||
|---|---|---|---|
| 082 |
_a604.2 _bLUZ _cL-12,P-51 |
||
| 100 |
_aLuzadder Warren J _940613 |
||
| 245 |
_aFundamentals of Engineering Drawing _cWarren J Luzadder |
||
| 250 | _avolumn6. | ||
| 260 |
_aNew Jersey : _bNational Book Foundation , _c1972. |
||
| 300 |
_a706p.: _bill,; _c25 cm. |
||
| 526 |
_a0 _b0 _c0 _d604_200000000000000_LUZ |
||
| 650 |
_aMCE _9379 |
||
| 942 |
_2ddc _cBK |
||
| 999 |
_c544865 _d544865 |
||